000 00529nam a2200181Ia 4500
005 20250326123952.0
008 250326s9999 xx 000 0 und d
037 _aTextbook
040 _aFMSL
_beng
_cFMSL
041 _aeng
_2eng
084 _aVI8 L1
_qFMSL
100 _aJordan R S
_9736521
245 0 _aInternational administration: its evolution and contemporary applications
_cJordan R S
260 _aNY
_bNY, Oxford University
_c1971
300 _a299p
942 _cTB
_hVI8 L1
999 _c1271694
_d1271694